| 000 | 00864nam a2200253 i 4500 | ||
|---|---|---|---|
| 001 | 180596 | ||
| 003 | ES-MaACL | ||
| 005 | 20230906221136.0 | ||
| 008 | 120615s1971 sp af |||| |bspa d | ||
| 080 | _a75Modigliani, Amadeo | ||
| 100 | 1 |
_aModigliani, Amadeo. _9145170 |
|
| 245 | 1 | 3 |
_aLa obra pictórica completa de Modigliani / _cintroducción de Leone Piccioni ; biografía y estudios críticos de Ambrogio Ceroni. |
| 260 |
_aBarcelona : _bNoguer, _c[1971] ( _fRizzoli) |
||
| 300 |
_a111 p. : _bil. neg. y col. ; _c32 cm. |
||
| 490 | 1 |
_aClásicos del Arte ; _v23 |
|
| 500 | _aÍndices. | ||
| 504 | _aBibliografía: p. 82. | ||
| 600 | 1 | 4 |
_aModigliani, Amadeo. _9145170 |
| 700 | 1 |
_aPiccioni, Leone. _9150602 |
|
| 700 | 1 |
_aCeroni, Ambrogio. _9150603 |
|
| 830 | 0 |
_aClásicos del Arte ; _v23 _9191252 |
|
| 852 |
_aES-MaACL _jL-31058 |
||
| 999 |
_c180596 _d180596 |
||